000 00699nam a2200241Ia 4500
003 OSt
005 20220923224352.0
006 a|||||r|||| 00| 0
007 ta
008 Pun
024 _a231,753
037 _cTextual
040 _aARTS
_cARTS
_bPun
041 _2Pun
_aPun
082 _aO153:g, K0
100 _aਕਾਜ਼ਗ, ਦੁਲਬੀਰ ਸਿੰਘ
245 0 _aਸਾਹਿਤਯ ਚਿੰਤਨ
260 _aਦਿੱਲੀ
_b ਜਨਤਕ ਪ੍ਰਕਾFਨ
_c1960
300 _a159ਪੰ
_ccm.
650 _aਪੰਜਾਬੀ ਸਾਹਿਤ
942 _hO153:g, K0
_cTEXL
_2CC
999 _c371000
_d371000